Titanic: el final de unas vidas doradas
Saved in:
| Main Author: | |
|---|---|
| Format: | Book |
| Language: | Spanish |
| Published: |
Barcelona
Random House Mondadori
2012
|
| Subjects: | |
| Tags: |
Add Tag
No Tags, Be the first to tag this record!
|
MARC
| LEADER | 00000cam a2200000 a 4500 | ||
|---|---|---|---|
| 001 | UCF1733 | ||
| 003 | CL-VaPUC | ||
| 008 | 120723e20120000SP |||||||||||||||||spa|d | ||
| 020 | |a 9788426420947 | ||
| 082 | 0 | 4 | |a 387.243 |b BRE |2 21 |
| 100 | 0 | |a Brewster, Hugh |e author |9 563224 | |
| 245 | 1 | 0 | |a Titanic: el final de unas vidas doradas |
| 300 | |a 414 p | ||
| 942 | |c BK | ||
| 945 | |d 20120723 00:00:00 |a dcastane | ||
| 260 | |a Barcelona |b Random House Mondadori |c 2012 | ||
| 650 | 0 | |a Barcos |9 260866 | |
| 650 | 0 | |a Viajes |9 257115 | |
| 650 | 0 | |a Turismo |9 308920 | |
| 650 | 7 | |a BUQUES DE PASAJEROS |2 CL-VaPUC |9 563225 | |
| 583 | |a last modification |c 20120723 10:17:00 |k Rodrigo Vera | ||
| 999 | |c 348421 |d 348419 | ||
| 952 | |0 0 |1 0 |4 0 |6 387_243000000000000_BRE_2012 |7 0 |8 A |9 450419 |a BIBING |b BIBING |d 2019-11-22 |i 4875540 |o 387.243 BRE 2012 |p 4875540 |r 2025-01-20 |w 2019-11-22 |y BK |k CUI | ||
| 952 | |0 0 |1 0 |4 0 |6 387_243000000000000_BRE_2012 |7 0 |8 A |9 450420 |a BIBING |b BIBING |d 2019-11-22 |i 4874749 |l 2 |o 387.243 BRE 2012 |p 4874749 |r 2025-01-20 |s 2024-05-15 |w 2019-11-22 |y BK |k CUI | ||
| 952 | |0 0 |1 0 |4 0 |6 387_243000000000000_BRE_2012 |7 0 |8 A |9 450421 |a BIBING |b BIBING |d 2019-11-22 |i 4884353 |l 2 |o 387.243 BRE 2012 |p 4884353 |r 2025-01-20 |s 2024-04-24 |w 2019-11-22 |y BK |k CUI | ||